[Event "IND-ch"]
[Site "Mumbai"]
[Date "2003.01.28"]
[Round "16"]
[White "Sasikiran, Krishnan"]
[Black "Ganguly, Surya Shekhar"]
[Result "1-0"]
[WhiteElo "2664"]
[BlackElo "2556"]
[Annotator "Huzman,A"]
[PlyCount "103"]
[EventDate "2003.01.18"]
[EventType "tourn"]
[EventRounds "21"]
[EventCountry "IND"]
[EventCategory "8"]
[SourceTitle "CBM 094"]
[Source "ChessBase"]
[SourceDate "2003.05.26"]
[SourceVersion "1"]
[SourceVersionDate "2003.05.26"]
[SourceQuality "1"]

1. Nf3 d5 2. d4 Nf6 3. c4 dxc4 4. e3 e6 5. Bxc4 c5 6. O-O a6 7. Bb3 b5 8. a4 b4
9. Nbd2 Bb7 10. e4 Be7 11. e5 Nfd7 (11... Ne4 12. Nxe4 Bxe4 13. Qe2 Bb7 14.
dxc5 Qc7 15. Be3 Nd7 16. Rfc1 O-O 17. a5 Rfc8 $13 {0-1 Shumiakina,
T-Skripchenko Lautier,A/Vrnjacka Banja 1999/EXT 2000 (42)}) 12. Nc4 (12. Re1
O-O 13. Ne4 cxd4 14. Bf4 (14. Qd3 Nc6 15. Bc2 g6 16. Bf4 Qa5 17. Nd6 Bxd6 18.
exd6 Qd5 19. Rad1 e5 20. Bb3 Qxd6 21. Bh6 Nc5 $19 {0-1 Vera,R-Karjakin,S/
Benidorm ESP 2002/(28)}) 14... Nc5 $6 15. Nxc5 Bxc5 16. Rc1 Nd7 17. Nxd4 Qh4
18. Be3 $8 Rad8 $2 19. Rc4 $1 Qe7 20. Qh5 Bd5 21. Nc6 $1 Bxc6 22. Rh4 h6 $2 (
22... Be4 $1) 23. Bxh6 g6 24. Qg4 $1 Rfe8 25. Qh3 Nxe5 26. Rxe5 Bxf2+ 27. Kxf2
Qf6+ 28. Bf4 Rd2+ 29. Re2 Rxe2+ 30. Kxe2 Qxb2+ $2 (30... Rd8 $1) 31. Bd2 Rd8
32. Qe3 a5 33. Qh6 $18 {1-0 Zhu Chen-Krush,I/Shanghai 2002/CBM 91/[Huzman] (46)
}) 12... O-O 13. Bc2 (13. Nd6 Bxd6 14. exd6 cxd4 15. Bg5 $6 Bxf3 16. Qxf3 Qxg5
17. Qxa8 Nc5 18. Qf3 Nbd7 19. Rad1 Ne5 $15 {Dreev,A-Ponomariov,R/Panormo 2001.}
) (13. Qe2 cxd4 14. Nxd4 Nc5 15. Rd1 Nxb3 16. Nxb3 Nd7 17. Bf4 Bd5 18. Rac1 Rc8
19. Nd4 Bg5 $15 {.. 1/2-1/2 Khurtsidze,N-Korbut,E/Budva 2002/EXT 2003 (57)})
13... cxd4 (13... Nc6 $6 14. dxc5 (14. Nd6 $1) 14... Nxc5 15. Nd6 b3 16. Bb1
Qc7 17. Be3 Nxe5 18. Nxb7 Nxf3+ 19. Qxf3 Qxb7 20. Qxb7 Nxb7 21. Be4 Rab8 22.
Ba7 Nc5 $15 {Dreev,A-Ponomariov,R/Yerevan 2001}) 14. Bf4 (14. Nxd4 $5 Bd5 (
14... Qc7 15. Qd3 g6 16. Bf4 Nc6 17. Nf3 Rfd8 (17... Nc5 18. Qe3 b3 19. Bxb3
Nxb3 20. Qxb3 Rab8 21. Rfc1 Na5 22. Nxa5 Qxa5 $44 {1/2-1/2 Gleizerov,E-Blauert,
J/Calcutta 2002/CBM 88/[Huzman] (37)}) 18. Qe3 Na5 19. Nxa5 Qxa5 20. Ng5 Qc5
21. Qe2 Bxg5 22. Bxg5 Rdc8 23. Bb3 Qxe5 $15 {1/2-1/2 Ernst,S-Krush,I/Bermuda
2002/CBM 88 (71)}) 15. Ne3 Nxe5 16. Qh5 Ng6 17. Nxd5 Qxd5 18. Qxd5 exd5 19. Bb3
Bf6 20. Be3 Rd8 21. Rac1 $44 {1-0 Dautov,R-Gurevich,D/Moscow 2001/CBM 86/
[Dautov] (26)}) 14... Bd5 15. Qxd4 b3 (15... f5 16. exf6 Bxf6 (16... Rxf6 17.
Bg3 b3 18. Bxb3 Nc6 19. Qd1 Bxf3 20. gxf3 Nc5 21. Bc2 Nd4 22. Ne5 Qd5 23. b4
Nxc2 24. Qxc2 Nb3 25. Nc6 $1 $16) 17. Qd3 g6 18. Bh6 Qc7 19. Ne3 Bxf3 20. Bxf8
Kxf8 21. gxf3 Bxb2 22. Rad1 $16) (15... Nc5 16. Nfd2 Nc6 17. Qe3 $14) 16. Bxb3
Nc6 17. Qe3 (17. Qc3 $5 Bb4 (17... Nc5 18. Bc2 Rc8 19. Nfd2 $18) (17... Rb8 18.
Bc2 Nb4 19. Bb1 Rc8 20. Nfd2 f6 21. Qh3 $16) 18. Qe3 Nc5 19. Rfd1 Qb8 20. Ba2
Nxa4 21. Bb1 $40 Qb5 $140 22. Bxh7+ $1 Kxh7 23. Ng5+ Kg8 24. Qh3 Rfb8 25. Nd6
$1 Bxd6 26. Qh7+ Kf8 27. exd6 $18) 17... Nc5 18. Rfd1 Qb8 (18... Nxb3 $5 19.
Qxb3 Na5 20. Nxa5 Qxa5 21. Qd3 Rfb8 $44) 19. Ba2 Nb4 (19... Nxa4 20. Nd6 $1
Nxb2 (20... Bxd6 21. exd6 (21. Bxd5 Bc5 22. Qe2 exd5 23. Rxa4 Qb3 $11) 21...
Nxb2 22. Rdb1) 21. Rdb1 $16) 20. Nd6 $1 Nxa2 21. Qxc5 Qxb2 (21... Bxf3 22. gxf3
Qxb2 23. Bd2 $1 {[%csl Ra2]} Rac8 24. Qa7 $1 Bxd6 (24... Rc2 25. Rab1 Qxe5 26.
Qxe7 $18) 25. exd6 Ra8 (25... Rc2 26. Bg5 $1 $16 {[%cal Gd6d8]}) 26. Qe3 Rfd8
27. Rab1 Qc2 28. Qe4 $1 $18) 22. Bd2 $1 Rab8 23. Qa7 Bd8 $2 (23... Bxd6 $1 24.
exd6 Nc3 25. Bxc3 Qxc3 26. Qxa6 Bxf3 27. gxf3 Qxf3 $13) 24. a5 $1 Rb3 $6 (24...
Bxf3 25. gxf3 Bh4 26. Ne4 Ra8 27. Qb6 $1 Rfb8 28. Qxb2 Rxb2 29. Rab1 $16) 25.
Qxa6 Rxf3 $1 26. gxf3 Qxe5 27. Ne4 Bc7 (27... Qf5 28. Qd3 (28. Qe2 Bf6 29. Rab1
Qg6+ 30. Kh1 Be5 31. Rg1 Qh5 $132) 28... Bf6 (28... Bc7 29. Qe3 Be5 30. Rab1
$16) 29. Nxf6+ Qxf6 30. a6 Bxf3 31. Rdb1 $18) 28. Ng3 Bxf3 $2 (28... Ra8 $142
29. Qd3 Bxa5 30. f4 Qc7 31. Bxa5 Rxa5 32. f5 Nb4 33. Qd2 Rxa1 34. Rxa1 Qe7 $14)
29. Qc4 $1 Bd5 $2 (29... Bxd1 30. Rxd1 Rd8 31. Qxa2 Bxa5 32. Rc1 Bb6 $14 {/+/-}
) 30. Qc2 $18 h5 31. Rxa2 h4 (31... Bxa2 32. Qxa2 h4 33. Re1 Qb5 34. Ne4 $18)
32. Bc3 $1 Qg5 33. Rxd5 exd5 (33... Qxd5 $142 34. Ne4 f5 35. Ng5 h3 36. f3 Rb8
37. Rb2 $18) 34. Bd2 $18 Qe7 (34... Qg4 35. Qxc7 $18) 35. Nf1 Qd7 36. Qa4 Qe7
37. Qg4 f5 38. Qf3 Rf6 $2 (38... Qe4 $142 39. Qxe4 dxe4 40. Ne3 $18) 39. Ne3 (
39. a6 Bb8 40. Qxd5+ Kh7 41. Be3 $18) 39... d4 40. Nd5 Rg6+ 41. Kf1 Qc5 $2 (
41... Qe6 $142 42. Bb4 (42. Bf4 $1 Bxf4 (42... Qa6+ 43. Re2 Bd8 (43... Bxf4 44.
Ne7+ Kf7 45. Nxg6 $18) 44. Bd2 $18) 43. Re2 $1 Be3 (43... Be5 44. Nf4 $18) 44.
fxe3 d3 45. Rd2 Qe5 $18) 42... Kh7 43. Re2 $18) 42. Qb3 $1 Kh7 43. Rc2 Qd6 44.
Rxc7 Qxh2 45. Qf3 Qg1+ (45... Rg1+ 46. Ke2 Qe5+ 47. Kd3 $18) 46. Ke2 Re6+ 47.
Be3 Qg4 (47... Qg6 48. Nf4 $18) (47... Qg5 48. Nf6+ $1 Kg6 (48... Qxf6 49. Qh5+
Qh6 50. Rxg7+ Kxg7 51. Qxh6+ Rxh6 52. Bxh6+ Kxh6 53. a6 $18) 49. Nh5 $1 Qxh5
50. Rxg7+ $18) 48. Nf6+ $1 Rxf6 49. Qxg4 d3+ (49... fxg4 50. Bxd4 Re6+ 51. Kf1
$18) 50. Kxd3 fxg4 51. Bd4 Rg6 52. Rxg7+ $1 (52. Rxg7+ Rxg7 53. Bxg7 Kxg7 54.
a6 g3 55. fxg3 hxg3 56. Ke2 $18) 1-0

[Event "FRA-chT Gp-A"]
[Site "France"]
[Date "2003.01.31"]
[Round "1.6"]
[White "Renet, Olivier"]
[Black "Giffard, Nicolas"]
[Result "1-0"]
[WhiteElo "2497"]
[BlackElo "2317"]
[Annotator "Huzman,A"]
[PlyCount "91"]
[EventDate "2003.01.31"]
[EventType "team"]
[EventRounds "7"]
[EventCountry "FRA"]
[SourceTitle "CBM 094"]
[Source "ChessBase"]
[SourceDate "2003.05.26"]
[SourceVersion "1"]
[SourceVersionDate "2003.05.26"]
[SourceQuality "1"]
[WhiteTeam "Monaco"]
[BlackTeam "Drancy"]
[WhiteTeamCountry "FRA"]
[BlackTeamCountry "FRA"]

1. d4 d5 2. c4 dxc4 3. Nf3 Nf6 4. e3 e6 5. Bxc4 c5 6. O-O a6 7. a4 Nc6 8. Qe2
Qc7 9. Rd1 Bd6 10. dxc5 Bxc5 11. b3 Ng4 (11... Na5 12. Bb2 Nxc4 13. Qxc4 Bd6
14. Nbd2 Qe7 15. Bxf6 gxf6 16. Ne4 Ba3 17. Rxa3 Qxa3 18. Nd6+ {1-0 Lutz,
C-Schulz,K/Germany 1990/GER-chT (18)}) (11... b6 12. Bb2 Bb7 13. Nbd2 O-O 14.
Rac1 Rfd8 15. Bd3 Nb4 16. Bb1 Qe7 17. Ng5 Nbd5 18. Nc4 h6 19. Nf3 Nb4 20. Nfe5
{1/2-1/2 Neverov,V-Vladimirov,E/Frunze 1988/TD (20)}) (11... Bd7 12. Bb2 O-O-O
13. Rc1 Bd6 14. Na3 Kb8 15. b4 Bxb4 16. Bxa6 bxa6 17. Be5 $18 {1-0 Farago,
I-Meszaros,A/HUN 1992/EXT 2000 (26)}) (11... e5 12. h3 e4 13. Nh2 O-O 14. Bb2
Bd6 15. Nf1 Be5 16. Nc3 Nb4 17. Rac1 Qe7 18. Ba3 Bd6 19. Ng3 Bxg3 20. fxg3 a5
21. Na2 Re8 22. Qe1 $16 {1-0 Skripchenko Lautier,A-Jackova,J/Bled 2002/EXT
2003 (36)}) (11... O-O 12. Bb2 b6 (12... Bd7 13. Nbd2 Rfd8 14. Rac1 Bd6 15. Bd3
Qb8 16. Ne4 Nxe4 17. Bxe4 h6 18. Bb1 Ne5 19. Nd2 Bc6 20. h4 Be7 21. Nc4 Nxc4
22. Qxc4 Bf8 23. Qc2 f5 24. Qe2 $14 {1-0 Magerramov,E-Vlahos,K/Berlin 1994/TD 
(61)}) (12... e5 13. Nc3 $1 $146 e4 $6 (13... Bg4 $5) (13... Qe7 $5) 14. Ng5
Bd6 $2 15. Nd5 $1 Nxd5 16. Rxd5 $1 Bxh2+ 17. Kh1 Be5 18. Qh5 Bf5 $2 19. Nxf7 $1
$18 {1-0 Kramnik,V-Sadvakasov,D/Astana 2001/CBM 84/[Huzman] (21)}) 13. h3 Bb7
14. Nbd2 Rfd8 15. Rac1 h6 16. Bd3 Nd5 17. Bb1 Ndb4 18. Qc4 Qd7 19. Qg4 f5 20.
Qg3 Bd6 21. Qg6 Qf7 22. Qxf7+ Kxf7 23. Nc4 $14 {0-1 Tukmakov,V-Stevic,H/Pula
2001/CBM 84 ext (73)}) 12. Bb2 O-O 13. Nbd2 f5 {[%csl Re6][%cal Rc4g8]} (13...
b6 14. Bd3 f5 15. Rac1 Bb7 16. h3 Nf6 17. Bc4 Nd5 18. Ng5 Qe7 19. Qh5 h6 20.
Ndf3 {1-0 Niklasch,O-Muehlbach,P/Groningen 1999/CBM 73 ext (20)}) (13... Nge5
14. Nxe5 Nxe5 15. Rac1 $1 $16 {[%cal Gc1c7]} Nxc4 $140 16. Qxc4 b6 17. b4 $18)
(13... Bd6 14. h3 Nge5 15. Rac1 Nxc4 (15... Nxf3+ 16. Qxf3 Rd8 17. Ne4 Bh2+ 18.
Kh1 Rxd1+ 19. Rxd1 Be5 20. Bxe5 Qxe5 (20... Nxe5 21. Qg3 h6 22. Nf6+ Kf8 23.
Qxg7+ Kxg7 24. Ne8+ Kf8 25. Nxc7 $18) 21. Nd6 Qf6 22. Qxf6 gxf6 23. Rc1 $16)
16. Nxc4 Be7 17. Nce5 $16) 14. h3 (14. Rac1 $1 b6 15. h3 Nf6 (15... Nge5 16.
Nxe5 Nxe5 17. b4 $18) 16. Nd4 Bxd4 17. exd4 Nd5 18. Nf3 $16) 14... Nge5 15.
Rac1 (15. Nxe5 $5 Nxe5 16. Rac1 Kh8 (16... Nf7 17. Nf3 Qe7 18. Nd4 $16) 17. Qh5
$1 {/\18.Ne4!} Nc6 18. Nf3 $40) 15... Nxc4 16. Nxc4 Qe7 17. Nce5 (17. Bd4 $5
Nxd4 18. exd4 Bb4 19. Nfe5 $16) 17... Nb4 18. Bd4 Bxd4 19. Rxd4 (19. Nxd4 $1 b6
20. Ndc6 Nxc6 21. Rxc6 Rb8 22. Rcd6 $16) (19. exd4 $5 b6 20. Nc6 Nxc6 21. Rxc6
$16) 19... Nd5 20. Qc2 (20. e4 fxe4 21. Qxe4 b6 22. Nc6 Qf6 $14) 20... b6 $1
21. e4 (21. Nc6 $5 Qe8 (21... Qd6 22. e4 fxe4 23. Qxe4 h6 24. Nfe5 Bb7 25. b4
$36) 22. e4 fxe4 23. Qxe4 $132) 21... fxe4 22. Rxe4 Bb7 23. Rh4 Nf6 (23... Rf5
$5 24. g4 Rc8 (24... g5 25. Rh5 Nf4 26. gxf5 Nxh5 27. Qc7 Qxc7 28. Rxc7 Bxf3
29. Nxf3 exf5 30. Nxg5 h6 31. Nf7 $16) 25. Qxc8+ Bxc8 26. gxf5 Bb7 27. Rhc4 Qe8
$132) 24. Rc4 Bd5 $2 (24... Rac8 25. Rxc8 (25. Nc6 Qd6 26. Nfe5 Nd5 $132 {
[%cal Yb6b5]}) 25... Rxc8 26. Qxc8+ Bxc8 27. Rxc8+ Ne8 28. Rb8 b5 29. axb5 axb5
30. Rxb5 $44) (24... Nd5 $5) 25. Rc7 Qb4 (25... Qd6 26. Qd2 {[%cal Gd2g5]} Ne4
27. Qb2 Nf6 (27... Nc5 28. Rxg7+ Kxg7 29. Nc4+ $18) 28. b4 $16) 26. Qd2 $1 Qxd2
(26... Qxb3 $1 27. Qg5 Ne8 28. Rxg7+ $1 Nxg7 29. Rc7 $18) 27. Nxd2 Rfd8 28.
Ndc4 Rac8 $2 (28... Ne8 29. Rd7 Rxd7 30. Nxd7 b5 31. Ncb6 Rd8 32. Nc5 Nc7 33.
a5 $14 {[%csl Ra6,Rb5] /+/-}) (28... Rab8 $142 29. Ra7 b5 30. Na5 Ra8 31. Rac7
Ne8 32. R7c5 (32. Re7 Rac8 $132) 32... bxa4 33. bxa4 Kf8 $14) 29. Nxb6 Rxc7 (
29... Rb8 30. a5 $18) 30. Rxc7 Bxb3 31. Ra7 $18 h6 $6 (31... Nd5 $8 32. Nxd5
exd5 33. Rxa6 Kf8 (33... d4 $140 34. Nc6 $18 Rd7 35. Ra8+ Kf7 36. Ne5+) 34. Nc6
Rd6 35. Ra8+ Kf7 36. Nd4 $16 {/+-}) 32. Rxa6 Rd1+ 33. Kh2 Rd2 34. f3 Nh5 35.
Ra8+ Kh7 36. Nbd7 g5 37. Ra7 Kh8 38. a5 $2 (38. Nf7+ Kg7 39. Nc5 Bd5 40. Nxg5+
Kg6 41. Nge4 Ra2 42. Nd3 $18) 38... Bd5 $2 (38... Nf4 39. h4 (39. Nf6 Bc2) (39.
Nc5 Bd5 40. Nf7+ Kg7 41. Nxg5+ Kg6 42. Nge4 Rxg2+ 43. Kh1 Ra2 $44) 39... Rxg2+
40. Kh1 Rc2 41. hxg5 hxg5 42. Nf7+ Kh7 43. Nxg5+ Kg6 44. Ne4 $14) 39. Rc7 Ra2
40. a6 $1 $18 Rxa6 41. g4 Ra2+ 42. Kg1 Ra1+ 43. Kf2 Ra2+ 44. Ke1 Ra1+ 45. Kd2
Ra2+ 46. Kc1 (46. Kc1 Nf4 47. Nf6 Ne2+ 48. Kd1 $18) 1-0

[Event "USA-ch"]
[Site "Seattle"]
[Date "2003.01.16"]
[Round "7"]
[White "Pixton, Aaron"]
[Black "Serper, Grigory"]
[Result "0-1"]
[WhiteElo "2449"]
[BlackElo "2556"]
[Annotator "Huzman,A"]
[PlyCount "130"]
[EventDate "2003.01.09"]
[EventType "swiss"]
[EventRounds "9"]
[EventCountry "USA"]
[SourceTitle "CBM 093"]
[Source "ChessBase"]
[SourceDate "2003.04.01"]
[SourceVersion "1"]
[SourceVersionDate "2003.04.01"]
[SourceQuality "1"]

1. d4 d5 2. c4 e6 3. Nc3 a6 4. e3 Nf6 5. Nf3 c5 6. a3 dxc4 7. Bxc4 b5 8. Ba2
Bb7 9. O-O Nbd7 10. Qe2 Bd6 11. Rd1 Qb8 12. dxc5 (12. h3 O-O 13. Bb1 (13. dxc5
Nxc5 14. Bd2 (14. b4 Ncd7 15. Bb2 Bxf3 16. Qxf3 Bh2+ 17. Kh1 Be5 18. Rab1 Rc8
19. Ne4 Bxb2 20. Rxb2 Qe5 $11 {0-1 Wedberg,T-Agrest,E/Linkoping 2001/CBM 85/
[Ziegler] (41)}) 14... Rc8 15. Be1 Nce4 16. Nxe4 Bxe4 17. Bb1 Be7 18. Bxe4 Nxe4
19. Nd4 Qb7 $11 {1/2-1/2 Damljanovic,B-Maksimenko,A/Novi Sad 2000/EXT 2001 (42)
}) 13... Rd8 14. e4 cxd4 15. Nxd4 Nc5 16. Bc2 Be5 17. Qe3 Qa7 18. f3 Ncxe4 19.
Ndxb5 Rxd1+ 20. Bxd1 Qxe3+ 21. Bxe3 axb5 22. fxe4 b4 {0-1 Metaxas,P-Velikov,P/
Ikaria 1994/EXT 97 (22)}) 12... Nxc5 13. b4 $2 Bxf3 (13... Nce4 14. Nxe4 Bxe4
15. Bb2 O-O 16. h3 Rd8 17. Nd4 Qb6 18. Nb3 e5 19. Na5 Rac8 20. Rac1 Bb8 21. Bb3
h6 $11 {1/2-1/2 Hernandez,R-Barua,D/Calcutta 1988/EXT 97 (28)}) (13... Ncd7 14.
g3 O-O 15. Bd2 Rc8 16. Be1 Nb6 $15 {0-1 Stettler,M-Bus,M/Germany 1997/GER-chT2
(32)}) 14. Qxf3 Bxh2+ 15. Kh1 Be5 $17 16. Bb2 (16. bxc5 Bxc3 17. Rb1 O-O $17)
16... Ncd7 17. Qe2 O-O 18. Rac1 Rc8 19. Bb1 Qb7 (19... Ra7 $5 {[%cal Ya7c7,
Yc8c1]}) 20. f4 Bc7 21. Rf1 e5 (21... Nb6 22. Bd3 e5 $17) 22. Rcd1 exf4 23.
exf4 Re8 24. Qf2 {[%cal Gf2h4,Gh4h7,Gb1h7]} Nf8 25. Ba2 Bb6 26. Qc2 Re3 27. Nd5
(27. Bd5 Qe7 $1 {[%csl Rh1][%cal Yf6g4,Ye7h4]} (27... Nxd5 28. Nxd5 Re6 29.
Nxb6 Rxb6 30. Qc3 $44) {/\} 28. Bxa8 Ng4 $19) 27... Nxd5 28. Bxd5 Qe7 $1 29.
Bd4 $1 Bxd4 30. Rxd4 Qh4+ (30... Re8 $5) 31. Kg1 Rae8 32. Rd3 Re1 33. Rdf3 Qf6
34. Qd3 Rxf1+ 35. Rxf1 Rc8 36. Bb3 h6 37. Qd5 $44 Rc3 38. f5 Nh7 39. Qa8+ Nf8
40. Qd5 Nd7 41. Re1 Nf8 42. Rf1 Rc8 43. Rd1 Re8 44. Qd6 $6 Re3 $1 45. Qxf6 gxf6
$17 46. Rb1 Nd7 47. a4 Ne5 48. Bd5 $2 (48. axb5 axb5 49. Bd5 Rd3 50. Bb7 h5 $17
{[%csl Rf5][%cal Yg8g7,Yg7h6,Yh6g5]}) 48... bxa4 49. Ra1 a3 50. Bb7 Kf8 51.
Bxa6 Ke7 52. Kf2 Ng4+ 53. Kf1 Kd6 54. Be2 Ne5 55. Ke1 (55. b5 Kc5 56. Rc1+ Kb6
$17) 55... Nc6 56. Kd2 Nxb4 57. Bc4 Rg3 58. Be2 Rb3 59. Bc4 Rg3 60. Be2 a2 61.
Bf3 Kc5 62. Kc3 Rg5 63. Rc1 Rxf5 64. Be2 Rf2 65. Kb3+ Kd4 0-1

[Event "Bundesliga 0203"]
[Site "Germany"]
[Date "2003.01.12"]
[Round "9.8"]
[White "Loeffler, Stefan"]
[Black "Van den Doel, Erik"]
[Result "0-1"]
[WhiteElo "2398"]
[BlackElo "2602"]
[Annotator "Huzman,A"]
[PlyCount "79"]
[EventDate "2002.10.19"]
[EventType "team-tourn"]
[EventRounds "15"]
[EventCountry "GER"]
[SourceTitle "CBM 093"]
[Source "ChessBase"]
[SourceDate "2003.04.01"]
[SourceVersion "1"]
[SourceVersionDate "2003.04.01"]
[SourceQuality "1"]
[WhiteTeam "Kreuzberg"]
[BlackTeam "Porz"]
[WhiteTeamCountry "GER"]
[BlackTeamCountry "GER"]

1. Nf3 d5 2. c4 e6 3. d4 dxc4 4. e3 c5 5. Bxc4 a6 6. O-O Nf6 7. e4 b5 8. Bd3
Bb7 9. Bg5 Be7 10. Nbd2 (10. dxc5 Bxe4 11. Bxf6 Qxd3 12. Bxe7 Kxe7 13. Nbd2
Bxf3 14. Nxf3 Qxd1 15. Rfxd1 Rc8 16. Rac1 Nc6 17. Nd4 b4 $11 {1/2-1/2 Shulman,
Y-Vaulin,A/Minsk 1997/EXT 2000 (20)}) (10. a4 c4 11. Bxf6 Bxf6 12. Bc2 O-O $17
{1/2-1/2 Akesson,R-Svensson,B/Gothenburg 1998/CBM 63/[Huzman] (66)}) (10. Re1
Nbd7 11. a4 bxa4 12. Nbd2 O-O 13. Rxa4 Nb6 14. Ra1 cxd4 15. Nb3 Nfd7 16. Bxe7
Qxe7 17. Nbxd4 {1/2-1/2 Sasikiran,K-Sorokin,M/Sangli 2000/EXT 2001 (17)}) (10.
Bxf6 Bxf6 11. e5 Be7 12. dxc5 Nd7 13. b4 $5 Bxf3 14. Qxf3 Nxe5 15. Qe4 $1 Nxd3
16. Rd1 Qd5 17. Qxd5 exd5 18. Rxd3 Bf6 19. Nc3 O-O-O 20. a4 bxa4 21. Rxa4 Rhe8
22. Kf1 Bxc3 23. Rxc3 Kb7 24. Ra5 {1/2-1/2 Shulman,Y-Rublevsky,S/Ohrid 2001/
CBM 84/[Huzman] (24)}) 10... h6 (10... cxd4 $5 11. a4 (11. e5 Nfd7 12. Bxe7
Qxe7 13. Ne4 O-O $15 {[%csl Re5]}) 11... b4 12. e5 Nfd7 13. Bxe7 Qxe7 14. Nc4
$44) 11. Bxf6 Bxf6 12. e5 Be7 13. Be4 Bxe4 14. Nxe4 cxd4 15. Rc1 (15. Nxd4 $5
Qd5 (15... O-O 16. Qg4 Kh8 17. Rfd1 $36) 16. Qc2 Nd7 17. Nf3 O-O 18. Rfd1 Qb7
19. Nd6 $14) 15... O-O 16. Nxd4 Ra7 $1 17. Qg4 Rd7 18. Rcd1 (18. Rfd1 Kh8 19.
Nc5 Bxc5 20. Rxc5 Qa5 $15 {[%cal Yf8d8,Yd8d1]}) 18... Kh8 19. Ng3 $2 (19. Nb3
$142 Qc7 20. f4 Qb6+ 21. Kh1 Rfd8 $15) 19... Bc5 20. Nb3 Bb6 21. Qf3 $6 (21.
Rfe1 Nc6 22. Rxd7 Qxd7 23. Nh5 $132) 21... Nc6 $1 $17 22. Rxd7 (22. Qe2 Nxe5
$19) 22... Qxd7 23. Rd1 (23. Re1 Rd8 24. Qc3 Qd5 $17) 23... Qc7 $19 24. Qc3
Nxe5 25. Qxc7 Bxc7 26. Nc5 a5 27. Nge4 Bb6 28. Kf1 Rc8 29. Nd3 Nxd3 30. Rxd3 f5
31. Nc3 b4 32. Na4 Rc1+ 33. Ke2 Bc7 34. g3 Ra1 35. a3 Be5 36. Rb3 bxa3 37. bxa3
(37. Rxa3 Bxb2 $19) 37... Ra2+ 38. Ke3 Bd6 39. Kd4 Rxf2 40. Ke3 0-1

[Event "Bundesliga 0203"]
[Site "Germany"]
[Date "2003.03.30"]
[Round "15.6"]
[White "Hansen, Curt"]
[Black "Duppel, Matthias"]
[Result "1-0"]
[WhiteElo "2610"]
[BlackElo "2440"]
[Annotator "Huzman,A"]
[PlyCount "37"]
[EventDate "2002.10.19"]
[EventType "team-tourn"]
[EventRounds "15"]
[EventCountry "GER"]
[SourceTitle "CBM 095"]
[Source "ChessBase"]
[SourceDate "2003.07.25"]
[SourceVersion "1"]
[SourceVersionDate "2003.07.25"]
[SourceQuality "1"]
[WhiteTeam "Porz"]
[BlackTeam "Stuttgart"]
[WhiteTeamCountry "GER"]
[BlackTeamCountry "GER"]

1. c4 Nf6 2. Nc3 c5 3. Nf3 e6 4. e3 d5 5. d4 dxc4 6. Bxc4 a6 7. a4 Nc6 8. O-O
b6 9. Qe2 cxd4 (9... Bb7 10. Rd1 Qc7 (10... cxd4 11. exd4 Be7 12. d5 exd5 13.
Bxd5 Qc7 14. Re1 Kf8 15. Bxf7 Kxf7 16. Qc4+ Ke8 17. Ng5 Rf8 18. Ne6 Qc8 19. Bf4
$40 {1-0 Rietveld,R-Naasz,R/Groningen 2000/EXT 2002 (32)}) 11. d5 (11. h3 Be7
12. dxc5 Bxc5 13. e4 Ne5 14. Bf4 Nxf3+ 15. Qxf3 Qc6 16. Bd3 O-O 17. Rac1 Qe8
18. Be3 Nd7 $11 {0-1 Simonson,A-Mengarini,A/New York 1951/MCD (36)}) 11... exd5
12. Bxd5 (12. Nxd5 Nxd5 13. Bxd5 Be7 14. e4 O-O 15. Bd2 Bf6 16. Bc3 Bxc3 17.
bxc3 Ne7 $11 {1/2-1/2 Velikov,P-Zaja,I/Rijeka 2001/CBM 82 ext (24)}) 12... Nb4
(12... Be7 13. e4 Nb4 14. Bxf7+ Kxf7 15. Qc4+ Ke8 16. Ng5 Bf8 17. Bf4 Qe7 18.
Bd6 Qd7 19. Bxf8 $18 {1-0 McDonald Ross,M-Swanson,S/Bearsden 1973/EXT 2002 (35)
}) 13. e4 Rd8 14. Bg5 Be7 15. Bxb7 Rxd1+ 16. Rxd1 Qxb7 17. e5 Nh5 18. Bxe7 Kxe7
19. Qe3 g6 20. Qg5+ Kf8 21. e6 $18 {1-0 De Lange,D-Tordion,S/Baarn 1949/EXT
2003 (24)}) (9... Be7 10. Rd1 cxd4 11. exd4 Nb4 12. Ne5 O-O 13. Bf4 Nfd5 14.
Bg3 Bb7 15. Rac1 Bg5 $17 {0-1 Hebbinghaus,H-Slobodjan,R/Hamburg 1993/EXT 97 
(41)}) 10. exd4 Nxd4 11. Nxd4 Qxd4 {Though considerably underdeveloped, Black
dares to take the poisonous pawn. The punishment for the strategical sin
proves to be swift and efficient.} 12. Rd1 Qg4 (12... Qc5 13. Ne4 Nxe4 (13...
Qc7 14. Bg5 Be7 15. Rac1 $32) (13... Qe5 14. Nxf6+ gxf6 15. Qf3 Ra7 16. Bf4 Qc5
17. Rac1 $18) 14. Qxe4 Ra7 15. Be3 Qb4 16. Qc6+ Bd7 17. Rxd7 Rxd7 18. Rd1 Bd6
19. Bg5 $1 $18) (12... Qh4 13. Qf3 Ra7 14. Qc6+ Bd7 15. Qxb6 $18) 13. Nd5 $1 {
[%mdl 36]} Qxe2 $8 14. Nc7+ Ke7 15. Bxe2 Ra7 16. Bf4 $32 Nd7 (16... Ne8 17.
Rac1 Bd7 18. b3 $1 $18) (16... Bd7 17. b3 a5 18. Rac1 $16) 17. Rac1 {[%cal
Gc1c8]} Kd8 18. Nxa6 $1 Be7 (18... Bxa6 19. Bxa6 Rxa6 20. Rc7 $18) 19. Nb8 (19.
Nb8 Rb7 20. Nxd7 Bxd7 (20... Rxd7 21. Bc7+ Ke8 22. Bb5 $18) 21. Ba6 Ra7 22.
Rc8#) 1-0

[Event "Groningen Harmonie"]
[Site "Groningen"]
[Date "2002.12.24"]
[Round "4"]
[White "Li, Wenliang"]
[Black "Werle, Jan"]
[Result "1/2-1/2"]
[WhiteElo "2497"]
[BlackElo "2434"]
[Annotator "Huzman,A"]
[PlyCount "60"]
[EventDate "2002.12.21"]
[EventType "tourn"]
[EventRounds "9"]
[EventCountry "NED"]
[EventCategory "10"]
[SourceTitle "CBM 093"]
[Source "ChessBase"]
[SourceDate "2003.04.01"]
[SourceVersion "1"]
[SourceVersionDate "2003.04.01"]
[SourceQuality "1"]

1. d4 d5 2. c4 dxc4 3. e3 Nf6 4. Bxc4 e6 5. Nf3 c5 6. O-O a6 7. Bd3 Nc6 8. Nc3
cxd4 9. exd4 Nb4 10. Bb1 Be7 11. Bg5 O-O 12. a3 Nbd5 13. Qd3 g6 14. Ba2 Bd7 15.
Ne5 (15. Nxd5 Nxd5 16. Bxd5 Bxg5 17. Bxb7 Bb5 18. Qe4 Rb8 19. Rfe1 Bh6 20. a4
Bc4 21. Ne5 Bd5 22. Bxd5 exd5 23. Qf3 Rxb2 24. Nc6 Qd6 25. Ne7+ Kg7 26. Nxd5
Rd8 27. Ne3 Qxd4 $17 {1/2-1/2 Scarella,E-Spangenberg,H/Buenos Aires 1992/EXT
97 (70)}) 15... Bc6 16. Rfe1 (16. Nxc6 bxc6 17. Na4 Qa5 18. Nc5 Bxc5 19. dxc5
Qxc5 20. Rac1 Qb6 21. Bxd5 Nxd5 22. Qe2 Rfe8 23. Qe5 Qb8 24. Qe2 f6 $15 {
0-1 Jellinghaus,L-Savchenko,V/Gelsenkirchen 2001/EXT 2002 (59)}) 16... Qd6 17.
Qh3 Rad8 18. Rad1 Bd7 $2 (18... Rfe8 $5) 19. Bxd5 (19. Bxf6 Nxf6 (19... Bxf6
20. Ne4 Qe7 21. Bxd5 Bxe5 22. Bxb7 Bg7 23. Bxa6 Ba4 24. b3 Bc6 25. Qc3 $16) 20.
Nxd7 Rxd7 (20... Nxd7 21. d5 e5 22. Ne4 $18) (20... Qxd7 21. Rxe6 $16) 21. d5
e5 22. Qg3 Qb6 23. Qxe5 Qxb2 24. d6 $36) 19... exd5 (19... Nxd5 20. Ne4 Qc7 21.
Bxe7 Nxe7 22. Nf6+ $18) 20. Nxd7 (20. Qh4 $1 Bf5 21. Nd3 $18) 20... Rxd7 21.
Rxe7 (21. Qh4 $1 Ne4 22. Bxe7 Rxe7 23. Nxd5 $18) 21... Rxe7 22. Bxf6 Qxf6 23.
Nxd5 Qd6 24. Nxe7+ Qxe7 25. Qd3 (25. Qe3 $1 $16) 25... Re8 26. d5 (26. Kf1 Qd6
27. g3 Qd5 $132) 26... Qe2 $132 27. Qb1 $2 (27. g3 $5 Qxb2 28. d6 $36) (27.
Qxe2 Rxe2 28. d6 Re8 29. f4 Rd8 30. Kf2 Kg7 31. Ke3 Kf6 $14 32. Rd3 Ke6 33. Rb3
b5 $11) 27... Rc8 28. Rc1 Rxc1+ 29. Qxc1 Qd3 $1 30. h3 (30. Qc8+ Kg7 {[%tqu
"En","Calculate how the game will end in pawn ending after 31.Qc3","","",
"c8c3","",10]} 31. Qc3+ Qxc3 32. bxc3 Kf6 (32... b5 33. f4 Kf6 34. Kf2 Ke7 35.
Ke3 Kd6 36. Kd4 $18) 33. f4 $1 (33. c4 Ke5 (33... b5 $1 34. cxb5 (34. c5 a5 35.
Kf1 b4 36. axb4 a4 $1 $19) 34... axb5 $11) 34. f4+ Kd6 35. a4 (35. Kf2 b5 36.
Ke3 bxc4 37. Kd4 c3 38. Kxc3 Kxd5 $11) 35... b5 36. cxb5 axb5 37. axb5 Kxd5 38.
Kf2 Kc5 39. Ke3 Kxb5 40. Kd4 Kc6 41. Ke5 Kd7 42. Kf6 Ke8 43. Kg7 h5 44. Kf6 Kf8
45. f5 $18) 33... Ke7 34. c4 b5 $1 (34... Kd6 35. a4 b5 36. cxb5 axb5 37. axb5
Kxd5 38. Kf2 Kc5 39. Ke3 Kxb5 40. Kd4 Kc6 41. Ke5 Kd7 42. Kf6 Ke8 43. Kg7 h5
44. Kf6 Kf8 45. f5 $1 $18) 35. c5 a5 36. Kf2 a4 $1 (36... b4 37. axb4 a4 38. b5
a3 39. b6 a2 40. b7 a1=Q 41. b8=Q Qd4+ 42. Kg3 Qe3+ 43. Kg4 Qe2+ 44. Kh3 Qe3+
45. g3 Qxc5 46. Qe5+ $16) 37. Ke3 b4 38. Kd3 b3 $11) 30... Qxd5 $11 1/2-1/2